Previous Names of Countries Quiz Stats

 Plays Quiz Updated Mar 11, 2014

Challenge
Share
Tweet
Embed
Score 0/51 Timer 10:00
0 Plays Today
Current Name Previous Name % Correct
Democratic Republic of the CongoZaïre
60.8%
IranPersia
59.9%
ThailandSiam
55.3%
IsraelPalestine
53.3%
NetherlandsKingdom of Holland
46.7%
Sri LankaCeylon
45.2%
TurkeySublime Ottoman State
45%
BangladeshEast Pakistan
42.8%
Cabo VerdeCape Verde
40.1%
TanzaniaTanganyika or Zanzibar
25.9%
BelizeBritish Honduras
25.6%
GhanaGold Coast
24.8%
IndonesiaDutch East Indies
23.2%
Burkina FasoUpper Volta
22.3%
MexicoNew Spain
20.6%
CambodiaKampuchea
20.3%
JordanTransjordan
20.3%
BelarusByelorussia
20.1%
GuyanaBritish Guiana
19.9%
SurinameDutch Guiana
19.3%
ZimbabweSouthern Rhodesia
18.9%
ZambiaNorthern Rhodesia
18.5%
Guinea-BissauPortuguese Guinea
16.9%
NamibiaSouth-West Africa
15.9%
EgyptUnited Arab Republic
14.2%
SyriaUnited Arab Republic
14.2%
Current Name Previous Name % Correct
MoldovaMoldavia
12.3%
MalawiNyasaland
12.2%
BeninDahomey
11.8%
IrelandIrish Free State
11.7%
BotswanaBechuanaland
11.4%
KiribatiGilbert Islands
10.8%
MadagascarMalagasy Republic
10.4%
Equatorial GuineaSpanish Guinea
10.2%
SamoaWestern Samoa
9.9%
Central African RepublicCentral African Empire
9%
TogoFrench Togoland
8.9%
Dominican Republic Santo Domingo
8%
LesothoBasutoland
7.2%
United Arab EmiratesTrucial States
6.8%
BurundiUrundi
6.6%
OmanMuscat and Oman
6.3%
MaliFrench Sudan
6.3%
VanuatuNew Hebrides
5.8%
SudanAnglo-Egyptian Sudan
5.6%
HaitiSaint-Domingue
4.8%
TuvaluEllice Islands
4.3%
ColombiaNew Granada
4%
DjiboutiFrench Territory of the Afars and the Issas
3.3%
BrazilTerra de Santa Cruz
2.1%
UruguayProvincia Cisplatina (Banda Oriental)
1.7%

You're not logged in!

Compare scores with friends on all Sporcle quizzes.
OR
Log In

You Might Also Like...

Show Comments

Extras

Top Quizzes Today


Score Distribution

Your Account Isn't Verified!

In order to create a playlist on Sporcle, you need to verify the email address you used during registration. Go to your Sporcle Settings to finish the process.

Report this User

Report this user for behavior that violates our Community Guidelines.

Details: